000 03528nam0a2200373 4500
001 RU\NLR\BIBL_A\012705682
005 20230913135835.0
010 _a978-5-6046642-4-7
_950
021 _aRU
_bКН-П-21-073146
_9КН-П-21-5810
035 _a(NLR Aleph) 012705682
035 _a(RuMoRGB)010846138
090 _a12893369
_c12893369
100 _a20220214d2021 u y0rusy50 ca
101 0 _arus
102 _aRU
105 _aa j 000zy
181 0 _ai3
_baxxe
182 0 _an
200 1 _aРаспространение радиоволн в природных условиях
_eучебное пособие
_eдля аспирантов, изучающих дисциплины по программе подготовки программы-минимум кандидатского экзамена по специальности 05.12.14 - "Радиолокация и радионавигация"
_fБундин Г. Г., Чередеев К. Ю., Поляков В. Б. [и др.]
_gАкционерное общество "Научно-производственное предприятие "Радар ммс"
203 _aТекст
_bвизуальный
_cнепосредственный
210 _aСанкт-Петербург
_cСИНЭЛ
_d2021
215 _a116 с.
_cил.
_d30
320 _aБиблиогр.: с. 116 (21 назв.)
330 _aВ учебном пособии изложены физические основы распространения электромагнитных радиоволн в природных условиях, рассмотрено влияние естественных помеховых факторов на дальность действия радиолокационных и радионавигационных систем. Особое внимание уделено ослаблению радиоволн газами атмосферы, поглощению и рассеиванию радиоволн отдельными сферическими частицами гидрометеоров, искажениям и ослаблению сигналов растительностью. Практической ценностью обладают расчет затухания в газах методом суммирования спектральных линий, оценка долгосрочной статистики затухания радиоволн в дожде, метод прогнозирования ослабления из-за облачности и тумана, а также процедура прогнозирования сбоев, вызванных влиянием осадков, и расчет составляющей электромагнитного излучения, дифрагируемой над верхней частью растительного массива
606 1 _aРадиоволны
_jУчебные издания для высших учебных заведений
_xРаспространение
_9955546
_3RU\NLR\AUTH\66356048
675 _a537.86(075.8)
_v4
686 1 _aЗ841-019я73-1
701 1 _aБундин
_bГ. Г.
701 1 _aЧередеев
_bК. Ю.
701 1 _7ca
_8rus
_aПоляков
_bВ. Б.
_cд-р техн. наук, радиоволны
_gВадим Борисович
_9240533
_3RU\NLR\AUTH\770240589
942 _cBOOK
980 _aNB